00942nam a2200265Ia 450000100060000000300090000600800410001504000130005604000130006904100120008210000110009410000290010524500210013424500210015525000110017626000140018726000340020126000490023530000560028450001980034065000250053865000310056370000280059470000540062279671IT-RoPAU130308s9999 xx 000 0 und d aIT-RoPAU cIT-RoPAU aINGLESE aAA.VV. gCodice Aut. SPICS: 12000 aReligion in film bReligion in Film a3a ed. aTENNESSEE bUniversity Of Tennessee Press c1987 [1° Ed.:1982 - Ed.Ling.Originale:1982] a"276 p. (prefazione: 18; testo: 258 [pagine: 0-0])" aReligione nel Film Approccio Alla Interpretazione Religiosa del Film Generi e Orientamenti Culturali del Cinema registi produttori e Varietà di Sensibilità Religiosa Articoli di Autori Vari aEDUCAZIONE AL CINEMA eCodice materia Spics: 6812 aMay John R.Bird Michael gCodice Aut. SPICS: 28816Codice Aut. SPICS: 28817